Западноевропейский сонет (XIII-XVII века): Поэтическая антология

Bibliografske podrobnosti
Drugi avtorji: Чамеев А. А. (составитель), Плавскин З. И. (автор предисловия)
Jezik:ruščina
Izdano: Ленинград, Изд-во ЛГУ, 1988
Teme:
Format: Knjiga
KOHA link:https://koha.lib.tpu.ru/cgi-bin/koha/opac-detail.pl?biblionumber=127130

MARC

LEADER 00000nam0a2200000 4500
001 127130
005 20231031132116.0
010 |a 5288001294 
035 |a (RuTPU)RU\TPU\book\137514 
090 |a 127130 
100 |a 20071210d1988 m y0rusy50 ca 
101 2 |a rus 
102 |a RU 
105 |a a z 000ay 
200 1 |a Западноевропейский сонет (XIII-XVII века)  |e Поэтическая антология  |f сост. А. А. Чамеев ; авт. предисл. З. И. Плавскин 
210 |a Ленинград  |c Изд-во ЛГУ  |d 1988 
215 |a 496 с.  |c ил. 
610 1 |a западноевропейская литература 
610 1 |a поэзия 
610 1 |a антология 
675 |a 89  |v 3 
702 1 |a Чамеев  |b А. А.  |4 220 
702 1 |a Плавскин  |b З. И.  |4 080 
801 1 |a RU  |b 63413507  |c 20071210  |g PSBO 
942 |c BK